[Event "Main Tournament (HTO)"]
[Site "Biel/Bienne"]
[Date "2023.07.17"]
[Round "1.5"]
[White "Koestinger, Paul"]
[Black "Malli, Shiivesh Sunil"]
[Result "0-1"]
[WhiteElo "2023"]
[BlackElo "1835"]
[PlyCount "86"]
[EventDate "2023.07.17"]

1. d4 d5 2. c4 c6 3. cxd5 cxd5 4. Nc3 Nf6 5. Nf3 Nc6 6. Bf4 e6 7. e3 a6 8. Bd3 Be7 9. h3 Nb4 10. Be2 O-O 11. a3 Nc6 12. O-O b5 13. Bd3 Bb7 14. Qe2 Na5 15. Nd2 Rc8 16. f3 Nc4 17. Nxc4 dxc4 18. Bc2 Nh5 19. Bh2 Bd6 20. f4 Nf6 21. e4 Bxa3 22. Rxa3 Qxd4+ 23. Kh1 b4 24. Bg1 Qd8 25. Raa1 bxc3 26. bxc3 Nd7 27. Rad1 Qe7 28. Bd4 e5 29. fxe5 Nxe5 30. Bxe5 Qxe5 31. Rd4 Qe6 32. e5 Qxh3+ 33. Kg1 Qxc3 34. Bxh7+ Kxh7 35. Rh4+ Kg8 36. Kh2 g6 37. Rd1 Rce8 38. Rdd4 Qa5 39. Rh5 gxh5 40. Rg4+ Kh7 41. Rg5 Re6 42. Qe3 Rg6 43. Qf4 Qd8 0-1

[Event "Main Tournament (HTO)"]
[Site "Biel/Bienne"]
[Date "2023.07.17"]
[Round "1.6"]
[White "Sleczka, Bartosz"]
[Black "Mirski, Michal"]
[Result "0-1"]
[WhiteElo "1824"]
[BlackElo "1993"]
[PlyCount "72"]
[EventDate "2023.07.17"]

1. e4 c5 2. Nc3 Nc6 3. f4 g6 4. Nf3 Bg7 5. Bc4 e6 6. O-O Nge7 7. d3 O-O 8. Qe1 b6 9. Bb3 Bb7 10. Qh4 d5 11. f5 exf5 12. exd5 Nd4 13. Bg5 f6 14. d6+ Nxb3 15. dxe7 Qxe7 16. Rae1 Qd7 17. axb3 fxg5 18. Qxg5 Rae8 19. Qf4 h6 20. h4 Kh7 21. Kh1 Bf6 22. Rxe8 Rxe8 23. Re1 Rxe1+ 24. Nxe1 Qe7 25. Nf3 Bxf3 26. gxf3 Qe1+ 27. Kg2 Be5 28. Qa4 Qg3+ 29. Kf1 Qxf3+ 30. Ke1 Bg3+ 31. Kd2 Bf4+ 32. Ke1 Qh1+ 33. Ke2 Qg2+ 34. Ke1 Bg3+ 35. Kd1 Qf1+ 36. Kd2 Be1+ 0-1

[Event "Main Tournament (HTO)"]
[Site "Biel/Bienne"]
[Date "2023.07.17"]
[Round "1.7"]
[White "Wiesmann, Dominique"]
[Black "Kumar, Asha"]
[Result "1/2-1/2"]
[WhiteElo "1964"]
[BlackElo "1823"]
[PlyCount "104"]
[EventDate "2023.07.17"]

1. Nf3 d5 2. g3 c5 3. Bg2 Nc6 4. d4 cxd4 5. Nxd4 e5 6. Nxc6 bxc6 7. c4 Be6 8. Qa4 Qd7 9. Nc3 Rd8 10. O-O Bc5 11. b4 Bd4 12. Bb2 Ne7 13. e3 Bxc3 14. Bxc3 f6 15. Rfd1 O-O 16. b5 cxb5 17. cxb5 a6 18. Bf1 Ra8 19. Qb4 a5 20. Qb2 a4 21. Qa3 Rfb8 22. Rab1 Nc8 23. Bb4 Nb6 24. Rbc1 Bh3 25. Be2 Qf5 26. Qd3 Qd7 27. Rc5 Be6 28. Rc6 Qf7 29. a3 Nc4 30. Rxe6 Qxe6 31. Qxd5 Qxd5 32. Rxd5 Nb6 33. Rd6 Kf7 34. Bc5 Nc8 35. Rd7+ Ke6 36. Rxg7 Nd6 37. Rxh7 Nxb5 38. Re7+ Kf5 39. g4+ Kg5 40. Rh7 e4 41. Bb4 Na7 42. h4+ Kg6 43. Re7 Nc6 44. h5+ Kh6 45. g5+ Kxg5 46. Rg7+ Kh6 47. Rg6+ Kh7 48. Bc3 Rg8 49. Rxg8 Rxg8+ 50. Kf1 Ne5 51. Bxe5 fxe5 52. Bd1 Rb8 1/2-1/2

[Event "Main Tournament (HTO)"]
[Site "Biel/Bienne"]
[Date "2023.07.17"]
[Round "1.8"]
[White "Maitre, Fabien"]
[Black "Pleyer, Felix"]
[Result "1/2-1/2"]
[WhiteElo "1813"]
[BlackElo "1957"]
[PlyCount "20"]
[EventDate "2023.07.17"]

{[%evp 0,20,24,14,14,4,35,14,21,4,16,24,31,20,34,29,60,9,18,-20,-3,-33,-18]} 1. Nf3 Nf6 2. c4 g6 3. g3 Bg7 4. Bg2 O-O 5. O-O d6 6. d4 c5 7. Nc3 Nc6 8. dxc5 dxc5 9. Qxd8 Rxd8 10. Be3 Be6 1/2-1/2

[Event "Main Tournament (HTO)"]
[Site "Biel/Bienne"]
[Date "2023.07.17"]
[Round "1.9"]
[White "Yang, Andersen"]
[Black "Long, Siyu"]
[Result "0-1"]
[WhiteElo "1955"]
[BlackElo "1805"]
[PlyCount "114"]
[EventDate "2023.07.17"]

1. e4 e5 2. Nf3 Nc6 3. d4 exd4 4. Bc4 Bc5 5. Ng5 Nh6 6. Nxf7 Nxf7 7. Bxf7+ Kxf7 8. Qh5+ g6 9. Qxc5 d6 10. Qb5 Re8 11. Nd2 d5 12. Qb3 Kg7 13. O-O dxe4 14. Re1 Be6 15. Qxb7 Bd5 16. Qb5 Rb8 17. Qc5 a6 18. a4 Nb4 19. Qxd4+ Qf6 20. Qc5 Qc6 21. Qxc6 Bxc6 22. Re2 Nxc2 23. Ra2 Nd4 24. Re3 Bd5 25. b3 Nxb3 26. Nxb3 Bxb3 27. Ra1 Kf8 28. Bd2 c5 29. Rc3 c4 30. Be3 Red8 31. a5 Rb5 32. Rac1 Rd3 33. Bb6 Rbd5 34. Kf1 Rd2 35. Ke1 Ra2 36. Kf1 Rdd2 37. Ke1 Re2+ 38. Kf1 Rec2 39. R1xc2 Bxc2 40. Ke2 Bd3+ 41. Ke3 g5 42. f3 Rxg2 43. fxe4 Rxh2 44. Kf3 Kf7 45. Kg4 Kg6 46. Bc7 Rh4+ 47. Kf3 Rxe4 48. Bg3 g4+ 49. Kf2 Re2+ 50. Kg1 Kg5 51. Bf2 h5 52. Rc1 h4 53. Rd1 g3 54. Bb6 h3 55. Bd8+ Kg4 56. Bc7 h2+ 57. Kh1 Be4# 0-1

[Event "Main Tournament (HTO)"]
[Site "Biel/Bienne"]
[Date "2023.07.17"]
[Round "1.10"]
[White "Tkhoruk, Roman"]
[Black "Vihan, Shourya"]
[Result "0-1"]
[WhiteElo "1803"]
[BlackElo "1952"]
[PlyCount "88"]
[EventDate "2023.07.17"]

{[%evp 0,54,19,34,32,-12,-11,6,6,1,-8,17,17,22,16,12,16,34,34,27,19,38,72,47,68,50,51,28,64,46,49,11,-3,56,226,115,178,150,130,141,172,170,160,177,160,138,144,121,119,119,119,91,91,90,92,86,88]} 1. d4 d5 2. c4 e6 3. Nc3 Nf6 4. Bg5 Nbd7 5. e3 c6 6. Nf3 Qa5 7. cxd5 Nxd5 8. Qb3 Bb4 9. Rc1 h6 10. Bh4 N7f6 11. Bxf6 Nxf6 12. Nd2 O-O 13. Bd3 Bd6 14. O-O Qh5 15. Nf3 g5 16. h3 e5 17. Nxe5 Kg7 18. Ne4 Nxe4 19. Bxe4 Bxe5 20. dxe5 g4 21. hxg4 Qxe5 22. Bf3 Qg5 23. Qb4 a5 24. Qd4+ Qf6 25. Rfd1 Qxd4 26. Rxd4 Be6 27. a3 Rfd8 28. Rcd1 Rxd4 29. Rxd4 Rc8 30. Ra4 b6 31. Rd4 c5 32. Rd6 Rb8 33. Be2 b5 34. Ra6 a4 35. Ra5 Bd7 36. Ra7 Be6 37. f4 Bb3 38. Ra5 c4 39. Kf2 b4 40. axb4 Rxb4 41. Rc5 Ba2 42. Ra5 Rxb2 43. Rxa4 c3 44. Ke1 Rb1+ 0-1

[Event "Main Tournament (HTO)"]
[Site "Biel/Bienne"]
[Date "2023.07.17"]
[Round "1.11"]
[White "Zargarov, Mikayel"]
[Black "Kleinhenz, Hans-Georg"]
[Result "1-0"]
[WhiteElo "1951"]
[BlackElo "1803"]
[PlyCount "55"]
[EventDate "2023.07.17"]

1. d4 d5 2. c4 e6 3. g3 Nf6 4. Bg2 dxc4 5. Nf3 a6 6. O-O Nbd7 7. Qc2 Bd6 8. a4 Rb8 9. Nbd2 b5 10. b3 cxb3 11. Nxb3 Nd5 12. Bd2 O-O 13. Rfb1 bxa4 14. Nc5 Rxb1+ 15. Rxb1 N5b6 16. Ng5 Nf6 17. e4 e5 18. Nd3 Nfd7 19. f4 exd4 20. Nb4 h6 21. Nc6 Qe8 22. e5 d3 23. Qxd3 Bc5+ 24. Be3 Bxe3+ 25. Qxe3 hxg5 26. f5 Nc4 27. Qxg5 Ndxe5 28. Ne7+ 1-0

[Event "Main Tournament (HTO)"]
[Site "Biel/Bienne"]
[Date "2023.07.17"]
[Round "1.12"]
[White "Bangerter, Daria"]
[Black "Kuenzli, Simon"]
[Result "1-0"]
[WhiteElo "1802"]
[BlackElo "1930"]
[PlyCount "55"]
[EventDate "2023.07.17"]

1. e4 c5 2. Nf3 d6 3. Bb5+ Bd7 4. Bxd7+ Qxd7 5. O-O Nf6 6. Re1 e6 7. c3 Be7 8. d4 cxd4 9. cxd4 d5 10. e5 Ne4 11. Nbd2 Nxd2 12. Bxd2 O-O 13. Rc1 Nc6 14. Rc3 Rac8 15. a3 Qd8 16. Rd3 a6 17. h4 Na5 18. Ng5 Nc4 19. Qh5 h6 20. Bc1 Rc6 21. Rg3 Qc8 22. Nf3 Nxe5 23. Qxe5 f6 24. Qe3 Kh7 25. Qd3+ f5 26. Bf4 Bf6 27. h5 Rc2 28. Re2 1-0

[Event "Main Tournament (HTO)"]
[Site "Biel/Bienne"]
[Date "2023.07.17"]
[Round "1.13"]
[White "Yang, Adelynne"]
[Black "Begdullayev, Tamerlan"]
[Result "1-0"]
[WhiteElo "1923"]
[BlackElo "1783"]
[PlyCount "89"]
[EventDate "2023.07.17"]

1. d4 d5 2. c4 c6 3. cxd5 cxd5 4. Nc3 Nf6 5. Bg5 e6 6. e3 Be7 7. Bd3 Nbd7 8. Nge2 O-O 9. O-O a6 10. f3 b5 11. a3 Bb7 12. e4 dxe4 13. fxe4 Nb6 14. Qb3 Rc8 15. Rfd1 Nc4 16. Rac1 e5 17. Kh1 Ng4 18. Bxe7 Qxe7 19. Bxc4 bxc4 20. Qc2 Qh4 21. h3 Nf2+ 22. Kg1 Nxd1 23. Rxd1 exd4 24. Nxd4 Rfd8 25. Qe2 Qf6 26. Qe3 Rd7 27. Nce2 Rcd8 28. Rd2 Qb6 29. Kf2 Rd6 30. Ke1 a5 31. g3 Ba6 32. Qc3 Qa7 33. Qxa5 Qd7 34. Qc3 Qxh3 35. Qf3 Qc8 36. Qc3 Qb7 37. Nf5 f6 38. Rxd6 Re8 39. Rd4 Qb6 40. Qd2 Bb7 41. Nd6 Rb8 42. Nxb7 Qxb7 43. Rd8+ Rxd8 44. Qxd8+ Kf7 45. Qd5+ 1-0

[Event "Main Tournament (HTO)"]
[Site "Biel/Bienne"]
[Date "2023.07.17"]
[Round "1.14"]
[White "Materia, Matteo"]
[Black "Brait, Wolfgang"]
[Result "1/2-1/2"]
[WhiteElo "1780"]
[BlackElo "1915"]
[PlyCount "51"]
[EventDate "2023.07.17"]

{[%evp 0,69,18,11,41,60,60,27,27,5,1,2,7,-4,-4,-4,9,23,1,-10,-9,-18,-10,-24,13,22,31,27,28,30,33,32,28,30,47,40,55,53,37,48,66,57,78,63,79,53,64,43,57,54,51,57,198,197,153,190,274,162,120,126,160,209,230,193,307,329,967,2251,29995,29996,29999,-30000]} 1. e4 c6 2. d4 d5 3. exd5 cxd5 4. c4 Nf6 5. Nc3 e6 6. Nf3 Be7 7. Be3 O-O 8. Be2 dxc4 9. Bxc4 Nbd7 10. O-O Nb6 11. Bb3 Nbd5 12. Qe2 b6 13. Rfd1 Bb7 14. Rac1 Rc8 15. Ne5 a6 16. Nxd5 Nxd5 17. Rxc8 Qxc8 18. Rc1 Qa8 19. Nd7 Rd8 20. Bxd5 Rxd7 21. Bxb7 Qxb7 22. Qc4 Bd8 23. Qb3 Rc7 24. Rxc7 Qxc7 25. d5 exd5 26. Qxd5 1/2-1/2

[Event "Main Tournament (HTO)"]
[Site "Biel/Bienne"]
[Date "2023.07.17"]
[Round "1.15"]
[White "Jud, Marc"]
[Black "Oestmann, Lukas"]
[Result "1-0"]
[WhiteElo "1906"]
[BlackElo "1760"]
[PlyCount "69"]
[EventDate "2023.07.17"]

{[%evp 0,58,27,27,27,10,10,6,12,2,25,20,45,45,46,24,30,28,41,13,11,15,7,7,10,-85,-73,-67,-6,-13,29,-157,-178,-220,-259,-507,-479,-499,-499,-574,-590,-590,-246,-246,-243,-546,-457,-457,-478,-487,-513,-521,-531,-529,-551,-564,-560,-542,-567,-723,-762]} 1. e4 c5 2. Nf3 e6 3. c4 Nc6 4. d4 cxd4 5. Nxd4 Nf6 6. Nxc6 bxc6 7. Bd3 e5 8. O-O Bc5 9. Nc3 O-O 10. Qe2 d6 11. Be3 Bg4 12. f3 Bxe3+ 13. Qxe3 Be6 14. Rfd1 Qe7 15. Rd2 Rfd8 16. Rad1 Ne8 17. b3 f6 18. Be2 Bf7 19. f4 exf4 20. Qxf4 Rdc8 21. Bf3 Rab8 22. h3 a5 23. Be2 Rb4 24. Qf5 Ra8 25. Qf4 d5 26. exd5 cxd5 27. Bf3 dxc4 28. Nd5 Qa7+ 29. Kh1 c3 30. Nxb4 axb4 31. Rd7 Qb8 32. Qe4 Rxa2 33. Qe7 Bg6 34. Bd5+ Kh8 35. Qf8# 1-0

[Event "Main Tournament (HTO)"]
[Site "Biel/Bienne"]
[Date "2023.07.17"]
[Round "1.16"]
[White "Mueller, Andrin"]
[Black "Hansel, Rainer"]
[Result "0-1"]
[WhiteElo "1738"]
[BlackElo "1905"]
[PlyCount "58"]
[EventDate "2023.07.17"]

{[%evp 0,71,27,27,66,44,73,44,39,37,63,37,29,28,28,18,29,21,23,16,27,27,36,41,56,68,70,66,112,114,115,79,106,106,63,87,95,45,57,-15,-12,-10,-2,-14,-16,0,0,0,0,0,-42,-28,-28,-17,-12,-12,68,74,74,57,70,64,200,200,199,197,194,-44,217,217,746,740,748,751]} 1. d4 d5 2. c4 e6 3. Nf3 Nf6 4. Bg5 Be7 5. e3 c6 6. Nc3 O-O 7. Qc2 Nbd7 8. Bd3 a6 9. h4 dxc4 10. Bxc4 b5 11. Bd3 Bb7 12. Ne4 Nxe4 13. Bxe4 h6 14. g4 f6 15. Bh7+ Kh8 16. Bxh6 gxh6 17. Qg6 Bb4+ 18. Ke2 Qe7 19. Ng5 fxg5 20. hxg5 Qf7 21. Qxf7 Rxf7 22. g6 Rf6 23. Rxh6 c5 24. g5 Bf3+ 25. Kf1 Rff8 26. a3 Bd2 27. dxc5 Nxc5 28. b4 Ne4 29. Ra2 Rac8 0-1

[Event "Main Tournament (HTO)"]
[Site "Biel/Bienne"]
[Date "2023.07.17"]
[Round "1.17"]
[White "Eschmann, Pascal"]
[Black "Paholok, Igor"]
[Result "1-0"]
[WhiteElo "1902"]
[BlackElo "1710"]
[PlyCount "71"]
[EventDate "2023.07.17"]

{[%evp 0,51,25,23,35,6,12,20,33,-2,-13,-13,9,-10,-10,-31,-29,-29,-21,-12,-12,-12,0,-8,5,-21,1,-14,-10,-17,25,26,31,0,0,-13,65,69,69,69,78,75,98,69,70,22,13,16,20,20,20,20,17,-10]} 1. d4 g6 2. Nf3 Bg7 3. Bf4 c5 4. c3 b6 5. e3 Nf6 6. Bd3 Bb7 7. Nbd2 O-O 8. h3 cxd4 9. exd4 d6 10. O-O Nh5 11. Bh2 e5 12. Re1 Nd7 13. Nc4 exd4 14. cxd4 Qf6 15. Bxd6 Bxf3 16. Qxf3 Qxf3 17. gxf3 Rfe8 18. Ne5 Nxe5 19. Bxe5 Bxe5 20. dxe5 Nf4 21. Bf1 Rad8 22. Re4 g5 23. h4 h6 24. hxg5 hxg5 25. b3 Rd2 26. a4 Rb2 27. Bc4 Nh3+ 28. Kg2 Nf4+ 29. Kg3 Rd8 30. Kg4 Rxf2 31. Kxg5 Ne6+ 32. Bxe6 fxe6 33. f4 Rd7 34. Kf6 Rxf4+ 35. Rxf4 Rf7+ 36. Kg5 1-0

[Event "Main Tournament (HTO)"]
[Site "Biel/Bienne"]
[Date "2023.07.17"]
[Round "1.18"]
[White "Ernst, Heinz"]
[Black "Corbat, Philippe"]
[Result "1/2-1/2"]
[WhiteElo "1699"]
[BlackElo "1880"]
[PlyCount "51"]
[EventDate "2023.07.17"]

1. d4 Nf6 2. c4 e6 3. Nc3 Bb4 4. a3 Bxc3+ 5. bxc3 d5 6. cxd5 exd5 7. f3 O-O 8. e3 Re8 9. Bd3 c5 10. Ne2 Nc6 11. O-O b6 12. Ng3 Bb7 13. Ra2 Na5 14. Nf5 cxd4 15. cxd4 Bc8 16. Rff2 Nc4 17. Qe1 Nd6 18. Nxd6 Qxd6 19. Qb4 Qd8 20. Rfc2 Bb7 21. Bb5 Re7 22. Bc6 Bxc6 23. Rxc6 Rc7 24. Rac2 Rac8 25. Rxc7 Rxc7 26. Qd2 1/2-1/2

[Event "Main Tournament (HTO)"]
[Site "Biel/Bienne"]
[Date "2023.07.17"]
[Round "1.19"]
[White "Sala, Matteo"]
[Black "Keymer, Cecilia"]
[Result "1/2-1/2"]
[WhiteElo "1874"]
[BlackElo "1698"]
[PlyCount "108"]
[EventDate "2023.07.17"]

1. e4 e5 2. Nf3 Nc6 3. Bb5 a6 4. Ba4 Nf6 5. O-O Be7 6. Re1 b5 7. Bb3 d6 8. c3 O-O 9. h3 Na5 10. Bc2 c5 11. d4 Qc7 12. Nbd2 Bd7 13. Nf1 cxd4 14. cxd4 Rfc8 15. Bd3 Nc6 16. dxe5 dxe5 17. a3 Rd8 18. Qe2 Be6 19. Be3 Rac8 20. Ng3 g6 21. Rac1 Qb8 22. b4 Nd7 23. Nf1 Nb6 24. N1d2 f6 25. Rc3 Na4 26. Rc2 Nb6 27. Rec1 Na7 28. Bc5 Qb7 29. Qe3 Bxc5 30. Rxc5 Rxc5 31. Rxc5 Nc6 32. Bc2 Nd4 33. Nxd4 Rxd4 34. Bb3 Bxb3 35. Nxb3 Rxe4 36. Qd2 Qd7 37. Qxd7 Nxd7 38. Rc6 Re1+ 39. Kh2 Rd1 40. Rxa6 Rd5 41. Ra7 f5 42. Rb7 e4 43. Nc5 Nxc5 44. Rxb5 Rd3 45. bxc5 Rxa3 46. Rb8+ Kg7 47. Rb7+ Kh6 48. c6 Rc3 49. Rc7 Kg5 50. Rxh7 Rxc6 51. h4+ Kf6 52. Kg3 Ke5 53. Re7+ Kf6 54. Ra7 Rc2 1/2-1/2

[Event "Main Tournament (HTO)"]
[Site "Biel/Bienne"]
[Date "2023.07.17"]
[Round "1.20"]
[White "Zarriess, Benjamin"]
[Black "Lavorgna, Filippo"]
[Result "1/2-1/2"]
[WhiteElo "1698"]
[BlackElo "1867"]
[PlyCount "127"]
[EventDate "2023.07.17"]

1. e4 c6 2. d4 d5 3. exd5 cxd5 4. Bd3 Nc6 5. c3 Nf6 6. h3 g6 7. Nf3 Bg7 8. O-O O-O 9. Re1 Bf5 10. Bf4 Bxd3 11. Qxd3 Qb6 12. Qe2 e6 13. Ne5 Nxe5 14. Bxe5 Nd7 15. Bxg7 Kxg7 16. Qc2 Rac8 17. Qb3 Rfe8 18. Nd2 Qxb3 19. axb3 a6 20. b4 e5 21. Nb3 e4 22. Ra5 Nb6 23. Na1 Red8 24. Nc2 Nc4 25. Ra2 f5 26. Ne3 f4 27. Nxc4 Rxc4 28. Ra5 Rd6 29. b5 axb5 30. Rxb5 b6 31. Ra1 Kf6 32. Ra6 Rcc6 33. Ra8 Rc7 34. Ra6 Rb7 35. Ra8 Ke6 36. Re8+ Kd7 37. Ra8 Kc6 38. Rb4 Re7 39. Ra6 Kb7 40. Rba4 Rde6 41. Ra7+ Kc6 42. Rxe7 Rxe7 43. Kf1 g5 44. Ra8 h6 45. b3 e3 46. Rc8+ Kb7 47. Rd8 exf2 48. Rxd5 Re3 49. c4 Rxb3 50. Kxf2 Rc3 51. c5 bxc5 52. dxc5 Kc6 53. Rd6+ Kxc5 54. Rxh6 Kd4 55. Rg6 Rg3 56. Rg8 Ke4 57. Rh8 Kf5 58. h4 gxh4 59. Rxh4 Rd3 60. Rh8 Rc3 61. Rf8+ Kg4 62. Rg8+ Kf5 63. Rf8+ Kg4 64. Rg8+ 1/2-1/2

[Event "Main Tournament (HTO)"]
[Site "Biel/Bienne"]
[Date "2023.07.17"]
[Round "1.21"]
[White "Federer, Colin"]
[Black "Sai, Mahati A"]
[Result "0-1"]
[WhiteElo "1866"]
[BlackElo "1669"]
[PlyCount "78"]
[EventDate "2023.07.17"]

1. e4 c5 2. Nf3 e6 3. d4 cxd4 4. Nxd4 Nc6 5. Nc3 Qc7 6. Be3 a6 7. f3 Be7 8. Qd2 b5 9. O-O-O Nf6 10. g4 O-O 11. g5 Nh5 12. f4 Nxd4 13. Qxd4 Nxf4 14. e5 Ng6 15. Bg2 Bb7 16. Bxb7 Qxb7 17. h4 Rfc8 18. Qxd7 Rc7 19. Qd2 Nxe5 20. Bf4 Rd7 21. Qe2 Ng6 22. Bg3 Rad8 23. Qg4 b4 24. Ne4 Rd4 25. Rde1 Qd5 26. Kb1 Qf5 27. Qe2 Rxe4 28. Qxe4 Rd1+ 29. Rxd1 Qxe4 30. h5 Nf8 31. h6 Bxg5 32. hxg7 Kxg7 33. Rhe1 Qg4 34. Rg1 f6 35. Be5 Qf5 36. Bd4 e5 37. Bc5 a5 38. Rdf1 Qc8 39. Be7 Ng6 0-1